|
|
|
|
| LEADER |
00000cam a22000004a 4500 |
| 001 |
musev2_9477 |
| 003 |
MdBmJHUP |
| 005 |
20230905041059.0 |
| 006 |
m o d |
| 007 |
cr||||||||nn|n |
| 008 |
931102s1994 pau o 00 0 eng d |
| 010 |
|
|
|z 93043171
|
| 020 |
|
|
|a 9781439901021
|
| 020 |
|
|
|z 9781566391658
|
| 020 |
|
|
|z 9781566391641
|
| 035 |
|
|
|a (OCoLC)316066793
|
| 040 |
|
|
|a MdBmJHUP
|c MdBmJHUP
|
| 050 |
0 |
4 |
|a RC607.A26
|b A3457324 1994
|
| 082 |
0 |
|
|a 174/.2
|2 20
|
| 245 |
0 |
0 |
|a AIDS :
|b Crisis in Professional Ethics /
|c edited by Elliot D. Cohan and Michael Davis.
|
| 264 |
|
1 |
|a Philadelphia :
|b Temple University Press,
|c 1994.
|
| 264 |
|
3 |
|a Baltimore, Md. :
|b Project MUSE,
|c 2012
|
| 264 |
|
4 |
|c ©1994.
|
| 300 |
|
|
|a 1 online resource (284 pages).
|
| 336 |
|
|
|a text
|b txt
|2 rdacontent
|
| 337 |
|
|
|a computer
|b c
|2 rdamedia
|
| 338 |
|
|
|a online resource
|b cr
|2 rdacarrier
|
| 504 |
|
|
|a Includes bibliographical references and index.
|
| 588 |
|
|
|a Description based on print version record.
|
| 650 |
|
0 |
|a AIDS (Disease)
|x Moral and ethical aspects.
|
| 655 |
|
7 |
|a Electronic books.
|2 local
|
| 700 |
1 |
|
|a Davis, Michael,
|d 1943-
|
| 700 |
1 |
|
|a Cohen, Elliot D.
|
| 710 |
2 |
|
|a Project Muse.
|e distributor
|
| 830 |
|
0 |
|a Book collections on Project MUSE.
|
| 856 |
4 |
0 |
|z Texto completo
|u https://projectmuse.uam.elogim.com/book/9477/
|
| 945 |
|
|
|a Project MUSE - Custom Collection
|
| 945 |
|
|
|a Project MUSE - Archive Complete Foundation
|
| 945 |
|
|
|a Project MUSE - Archive Philosophy and Religion Foundation
|